Danton / (Record no. 52187)

MARC details
000 -LEADER
campo de control de longitud fija 00702nam a2200241 i 4500
001 - NÚMERO DE CONTROL
campo de control 52187
003 - IDENTIFICADOR DE NÚMERO DE CONTROL
campo de control ES-MaACL
005 - FECHA Y HORA DE LA ÚLTIMA TRANSACCIÓN
campo de control 20230906162534.0
007 - CAMPO FIJO DE DESCRIPCIÓN FÍSICA--INFORMACIÓN GENERAL
campo de control de longitud fija t|
008 - DATOS DE LONGITUD FIJA--INFORMACIÓN GENERAL
campo de control de longitud fija 030826s1973 sp |||| |bspa d
080 ## - NÚMERO DE LA CLASIFICACIÓN DECIMAL UNIVERSAL
Número de la Clasificación Decimal Universal 929 Danton, Georges-Jacques
100 1# - ENTRADA PRINCIPAL--NOMBRE DE PERSONA
Nombre de persona Christophe, Robert.
9 (RLIN) 38671
245 10 - MENCIÓN DEL TÍTULO
Título Danton /
Mención de responsabilidad, etc. Robert Christophe ; [traducción, Joaquín Regat].
250 ## - MENCION DE EDICION
Mención de edición 1ª ed.
260 ## - PUBLICACIÓN, DISTRIBUCIÓN, ETC.
Lugar de publicación, distribución, etc. Barcelona :
Nombre del editor, distribuidor, etc. Picazo,
Fecha de publicación, distribución, etc. 1973.
300 ## - DESCRIPCIÓN FÍSICA
Extensión 400 p. ;
Dimensiones 22 cm.
490 1# - MENCIÓN DE SERIE
Mención de serie Colección pasado ;
Designación de volumen o secuencia 1
600 14 - PUNTO DE ACCESO ADICIONAL DE MATERIA--NOMBRE DE PERSONA
Nombre de persona Danton, Georges-Jacques.
9 (RLIN) 162907
700 1# - ENTRADA AGREGADA--NOMBRE PERSONAL
Nombre de persona Regat, Joaquín.
9 (RLIN) 95876
830 0# - PUNTO DE ACCESO ADICIONAL DE SERIE-TÍTULO UNIFORME
Título uniforme Colección pasado ;
Designación de volumen o secuencia 1
9 (RLIN) 230197
852 ## - LOCALIZACIÓN
Ubicación ES-MaACL
Número de control de estantería C-54778
Holdings
Estatus retirado Estado de pérdida Estado de daño No para préstamo Biblioteca de origen Biblioteca actual Ubicación en estantería Fecha de adquisición Fuente de adquisición Total de préstamos Signatura topográfica completa Código de barras Visto por última vez Precio de reemplazo Tipo de ítem Koha
        Biblioteca del Ateneo de Madrid Biblioteca del Ateneo de Madrid Depósito 2 17/01/2008     C-54778 1054862 23/02/2023 23/02/2023 Libro impreso